000 00776nam a2200277Ia 4500
003 OSt
005 20221006153234.0
006 a|||||r|||| 00| 0
007 ta
008 221006b |||||||| |||| 00| 0 kor d
020 _cW 8,500
024 _a31,718
037 _bGift, Korean Embassy
_cTextual
040 _aEASL
_cEASL
_bkor
041 _2kor
_akor
082 _aY:1g, 495P5
100 _aKBS SEUPHEONJI JEJAK TEAM
_9663049
245 0 _aBinnara jisik-ui byeol
_b Seupheonji 2
260 _aSeoul
_bDonga Ilbosa Korea
_c2005
300 _a293p.
_ccm.
490 _v KL
650 _a KL
650 _aCultural guide
_9663050
942 _hY:1g, 495P5
_cTEXL
_2CC
999 _c1099804
_d1099804